[Event "Leipzig VfB op 09th"]
[Site "Leipzig"]
[Date "2002.03.09"]
[Round "7"]
[White "Onhor, Bold"]
[Black "Gauch, Mirko"]
[Result "0-1"]
[WhiteElo "1648"]
[BlackElo "2127"]
[PlyCount "62"]
[EventDate "2002.03.05"]
[EventType "swiss"]
[EventRounds "9"]
[EventCountry "GER"]
[SourceTitle "EXT 2007"]
[Source "ChessBase"]
[SourceDate "2006.11.23"]
[SourceVersion "1"]
[SourceVersionDate "2006.11.23"]
[SourceQuality "1"]

1. Nf3 Nf6 2. c4 e6 3. Nc3 b6 4. e4 Bb7 5. Bd3 Nc6 6. a3 a5 7. Bc2 e5 8. 0-0 Bc5 9. b3 0-0 10. Nxe5 Nxe5 11. d4 Bd6 12. f4 Nc6 13. e5 Be7 14. exf6 Bxf6 15. Be3 g6 16. Qd2 Re8 17. Rad1 Ne7 18. Ne4 Bg7 19. Ng5 d5 20. f5 Nxf5 21. Bxf5 gxf5 22. Rxf5 Qe7 23. Re1 f6 24. Bf2 Qd7 25. Qf4 Rxe1+ 26. Bxe1 fxg5 27. Rxg5 Rf8 28. Qe5 Kh8 29. Bg3 h6 30. Rxg7 Qxg7 31. Qe6 Qxd4+ 0-1

[Event "Leipzig VfB op 09th"]
[Site "Leipzig"]
[Date "2002.03.08"]
[Round "6"]
[White "Bross, Thomas"]
[Black "Onhor, Bold"]
[Result "0-1"]
[WhiteElo "2051"]
[BlackElo "1648"]
[PlyCount "66"]
[EventDate "2002.03.05"]
[EventType "swiss"]
[EventRounds "9"]
[EventCountry "GER"]
[SourceTitle "EXT 2007"]
[Source "ChessBase"]
[SourceDate "2006.11.23"]
[SourceVersion "1"]
[SourceVersionDate "2006.11.23"]
[SourceQuality "1"]

1. e4 c5 2. Nc3 Nc6 3. Bc4 e6 4. d3 a6 5. a4 Bd6 6. f4 Bc7 7. Nf3 d6 8. 0-0 Bd7 9. f5 Nf6 10. Bg5 h6 11. Bh4 Qe7 12. fxe6 fxe6 13. Na2 Na5 14. c3 g5 15. Bg3 Nxc4 16. dxc4 Nxe4 17. Qe1 Nxg3 18. Qxg3 Bxa4 19. Rae1 0-0-0 20. Qg4 Bd7 21. Qe4 Qg7 22. b4 Rhf8 23. b5 a5 24. Ra1 Rf4 25. Qe2 Rdf8 26. Rfb1 b6 27. Nb4 Qxc3 28. Na6 Qxc4 29. Qb2 g4 30. Nh4 Qd4+ 31. Qxd4 Rxd4 32. Ng6 Rf6 33. Ne7+ Kb7 0-1